000 00681nam a2200241Ia 4500
008 160319s9999 xx 000 0 und d
245 _aJumpStart Adventure:
245 _b3rd Grade /
260 _aTorrance, CA :
260 _bKnowledge Adventures, Inc.,
260 _c2000
300 _a2 computer optical discs : 
300 _bsound, colored ;
300 _c4 3/4 in.
650 _aComputer games --
650 _aComputer games.
650 _aEducational games
650 _aEducational games --
650 _aThird grade (Education) --
650 _xInteractive multimedia.
650 _xInteractive multimedia.
650 _xInteractive multimedia.
999 _c292721
_d292721